000 00249nam a22001217a 4500
003 SGT
082 _a428.34 KUM
100 _aKUMAR, SANJAY
245 _aCOMMUNICATION SKILLS
250 _a2nd
260 _aNEW DELHI
_bOXFORD
_c2015
942 _2ddc
_cCD
999 _c11254
_d11254